| 000 | 01158aas a2200229 4500 | ||
|---|---|---|---|
| 999 |
_c53782 _d53782 |
||
| 001 | 768714001 | ||
| 003 | CO-MdFUSB | ||
| 005 | 20171114120449.0 | ||
| 008 | 170804s1997 xxu||||| |||| 00| 0 eng d | ||
| 022 | _a0098-9444 | ||
| 040 |
_aCO-MdFUSB _bspa _cCO-MdFUSB _dCO-MdFUSB |
||
| 041 | _aeng | ||
| 100 | 1 |
_aLemaire, André (1942-) _eautor |
|
| 242 | 1 | 0 |
_aSeguimiento del caso Shapira. Veredicto de paleografía : _b¡son falsos! |
| 245 | 1 | 0 |
_aTracking the Shapira case. Paleography's veredict : _bthey're fakes! _c/ André Lemaire |
| 300 |
_aVolumen 23. Número 3 (1997), páginas 36-39 _c: 28 cm. |
||
| 520 | 1 | _aEste siglo, fue el descubrimiento de los Rollos del Mar Muerto, cerca de donde los manuscritos de shapira fueron encontrados supuestamente, se renovó el interés en estas largas tiras ¿Estuvo Saphira diciendo la verdad después de todo? Hasta ahora, ningún erudito ha intentado reevaluarlos a la luz de la reciente paleografía. | |
| 546 | _aTexto en inglés | ||
| 650 | 7 |
_9403 _aExcavaciones arqueológicas |
|
| 773 | 0 |
_tBiblical Archaeology Review _049395 _959490 _gVolumen 23. Número 3 (1997), páginas 36-39 _qPágina 36 |
|
| 942 | _cANA | ||